000 01025nam a2200301 i 4500
001 bg
245 0 0 _aEkologia :
_bjej związki z różnymi dziedzinami wiedzy medycznej /
_cpod red. Alicji Kurnatowskiej ; [aut. Wojciech Drygas et al.].
260 _aWarszawa :
_bWydaw. Naukowe PWN,
_c2001.
300 _a188, [2] s. :
_bil., mapy ;
_c24 cm.
490 1 _aŚrodowisko
500 _aNazwy aut. na s. 6.
504 _aBibliogr. przy rozdz.
650 9 _aChoroby
_xzagadnienia
650 9 _aEkologia
650 9 _aŚrodowisko człowieka
_xwpływ na zdrowie
655 _aPodręczniki akademickie
700 1 _aKURNATOWSKA, Alicja.
_eRed.
700 1 _aDRYGAS, Wojciech
830 _aŚrodowisko
020 _a8301135581
040 _cBPK
041 0 _apol
080 _a616:614.87:574.2](075.8)
920 _a83-01-13558-1
942 _cKS
008 s pl f |000 0 pol
999 _c43125
_d43125
856 _uhttp://koha.tu.koszalin.pl/cgi-bin/koha/opac-detail.pl?biblionumber=43125
_yKatalog online BPK